Экология. Транспортное сооружение и окружающая среда: учебное пособие

Bibliographische Detailangaben
1. Verfasser: Трофименко Ю. В. Юрий Васильевич
Weitere Verfasser: Евгеньев Г. И. Глеб Икарович
Zusammenfassung:Описаны проблемы взаимодействия транспортного сооружения с окружающей средой с учетом современных тенденций развития инженерной экологии. Подробно изложены методы оценки основных видов воздействия транспортного сооружения на окружающую социальную и природную среду, методы инженерной защиты среды на этапах проектирования, строительства и эксплуатации транспортного сооружения. Для студентов высших учебных заведений. Может быть полезно специалистам, занимающимся вопросами проектирования, строительства, эксплуатации и ремонта транспортных сооружений, работникам автомобильного транспорта, служб экологического контроля и аудита.
Sprache:Russisch
Veröffentlicht: Москва, Академия, 2006
Schriftenreihe:Высшее профессиональное образование. Защита окружающей среды
Schlagworte:
Format: MixedMaterials Buch
KOHA link:https://koha.lib.tpu.ru/cgi-bin/koha/opac-detail.pl?biblionumber=103081

MARC

LEADER 00000nam0a2200000 4500
001 103081
005 20231031113240.0
010 |a 5769524197 
035 |a (RuTPU)RU\TPU\book\111149 
090 |a 103081 
100 |a 20061012d2006 m y0rusy50 ca 
101 0 |a rus 
102 |a RU 
105 |a a j 001zy 
200 1 |a Экология. Транспортное сооружение и окружающая среда  |e учебное пособие  |f Ю. В. Трофименко, Г. И. Евгеньев 
210 |a Москва  |c Академия  |d 2006 
215 |a 394 с.  |c ил. 
225 1 |a Высшее профессиональное образование. Защита окружающей среды 
320 |a Библиогр.: с. 387-388. 
330 |a Описаны проблемы взаимодействия транспортного сооружения с окружающей средой с учетом современных тенденций развития инженерной экологии. Подробно изложены методы оценки основных видов воздействия транспортного сооружения на окружающую социальную и природную среду, методы инженерной защиты среды на этапах проектирования, строительства и эксплуатации транспортного сооружения. Для студентов высших учебных заведений. Может быть полезно специалистам, занимающимся вопросами проектирования, строительства, эксплуатации и ремонта транспортных сооружений, работникам автомобильного транспорта, служб экологического контроля и аудита. 
610 1 |a экология 
610 1 |a транспортные сооружения 
610 1 |a воздействие 
610 1 |a окружающая среда 
610 1 |a природный ландшафт 
610 1 |a природные ресурсы 
610 1 |a качество 
610 1 |a воспроизводство 
610 1 |a почва 
610 1 |a растительность 
610 1 |a водотоки 
610 1 |a атмосферный воздух 
610 1 |a социальная среда 
610 1 |a здоровье 
610 1 |a животный мир 
610 1 |a инженерная защита 
610 1 |a строительное производство 
610 1 |a дорожный сервис 
610 1 |a дорожное хозяйство 
610 1 |a эксплуатация 
610 1 |a строительство 
610 1 |a учебные пособия 
675 |a 504.05(075.8)  |v 3 
675 |a 625(075.8)  |v 3 
700 1 |a Трофименко  |b Ю. В.  |g Юрий Васильевич 
701 1 |a Евгеньев  |b Г. И.  |g Глеб Икарович 
801 1 |a RU  |b 63413507  |c 20061012  |g PSBO 
801 2 |a RU  |b 63413507  |c 20150429  |g PSBO 
900 |a Теоретические основы защиты окружающей среды 
942 |c BK 
959 |a 12/20060214  |d 2  |e 0  |f НФ:2